Score 0/9 Timer 03:00
0 Plays Today
Book Part % Correct
The Hunger Games'THE GAMES'
88.4%
The Hunger Games'THE VICTOR'
56%
The Hunger Games'THE TRIBUTES'
42.8%
Catching Fire'THE QUELL'
39.5%
Mockingjay'THE ASSASSIN'
34%
Catching Fire'THE SPARK'
31.7%
Mockingjay'THE ASHES'
28.2%
Catching Fire'THE ENEMY'
25.9%
Mockingjay'THE ASSAULT'
22.1%

You're not logged in!

Compare scores with friends on all Sporcle quizzes.
OR
Log In

Sporcle TV

Today on Sporcle TV


Watch our educational content, quiz creation guides, and fun videos on Sporcle TV.

Show Comments

Extras

Top Quizzes Today


Score Distribution

Paid Content

Your Account Isn't Verified!

In order to create a playlist on Sporcle, you need to verify the email address you used during registration. Go to your Sporcle Settings to finish the process.

Report this User

Report this user for behavior that violates our Community Guidelines.

Details: